000 04521nam0a2200481 4500
001 RU\NLR\BIBL_A\022241862
005 20251226152254.0
010 _a978-5-94760-568-6
_9500
021 _aRU
_bКН-П-24-022891
_9КН-П-24-2373
035 _a(NLR Aleph) 022241862
090 _a13509132
_c13509132
100 _a20240604d2023 k y0rusy50 ca
101 0 _arus
102 _aRU
105 _aah z 100yy
181 0 _ai3
_baxxe
182 0 _an
200 1 _aОкно в будущее: тенденции развития медиаиндустрии
_eматериалы студенческой научно-практической конференции (Санкт-Петербург, 26-29 ноября 2022 г.)
_fXIV Всероссийский форум по связям с общественностью в сфере кино и телевидения "PRКИТ-2022", Министерство культуры Российской Федерации, Федеральное государственное бюджетное образовательное учреждение высшего образования "Санкт-Петербургский государственный институт кино и телевидения"
_gредакционная коллегия: ответственный редактор А. В. Бабаян, кандидат технических наук [и др.]
203 _aТекст
_bвизуальный
_cнепосредственный
210 _aСанкт-Петербург
_cСПбГИКиТ
_d2023
215 _a166 с.
_cил., табл., факс.
_d29
225 1 _aДесятилетие науки и технологий, 22-31
320 _aБиблиогр. в конце ст.
327 1 _aСб. содержит материалы круглых столов, загл. которых указаны в аннот. и отражены в дополнительных точках доступа на наименования организаций
606 1 _aТелевидение
_xИнформационные технологии
_jСъезды, совещания и т.п.
_2nlr_sh2
_3RU\NLR\AUTH\6601608096
606 1 _aРеклама
_xИнформационные технологии
_jСъезды, совещания и т.п.
_2nlr_sh2
_3RU\NLR\AUTH\6601557298
606 1 _aПаблик рилейшнз
_xИнформационные технологии
_jСъезды, совещания и т.п
_2nlr_sh2
_3RU\NLR\AUTH\661584326
686 1 _aЧ600.0я431
686 1 _aЧ632я431
686 1 _aС550.324я431
702 1 _aБабаян
_bА. В.
_gАлександр Вигенович
_4340
711 1 2 _aВсероссийский форум по связям с общественностью в сфере кино и телевидения
_d14
_f2022
_eСанкт-Петербург
_3RU\NLR\AUTH\880611857
711 1 2 _a"Окно в будущее: тенденции развития медиаиндустрии", студенческая научно-практическая конференция
_f2022
_eСанкт-Петербург
_3RU\NLR\AUTH\880611858
711 1 2 _a"Паблик рилейшнз в теле- и киноиндустрии будущего", круглый стол
_f2022
_eСанкт-Петербург
_3RU\NLR\AUTH\880611859
711 1 2 _a"Между online и offline: современные реалии профессиональной деятельности", круглый стол
_f2022
_eСанкт-Петербург
_3RU\NLR\AUTH\880611860
711 1 2 _a"Тройное "И" в PR: ивент, инфлюенс, инфоповоды", круглый стол
_f2022
_eСанкт-Петербург
_3RU\NLR\AUTH\880611863
711 1 2 _a"Медиакоммуникации будущего: тенденции, исследования, прогнозы", круглый стол
_f2022
_eСанкт-Петербург
_3RU\NLR\AUTH\880611864
712 0 2 _aСанкт-Петербургский государственный институт кино и телевидения
_3RU\NLR\AUTH\880402675
_4475
942 _cBOOK
980 _aNB